RICS Scotland employment advice (Record no. 81379)
[ view plain ]
| 000 -LEADER | |
|---|---|
| fixed length control field | 00947cab a22002055a 4500 |
| 001 - CONTROL NUMBER | |
| control field | E147083 |
| 008 - FIXED-LENGTH DATA ELEMENTS--GENERAL INFORMATION | |
| fixed length control field | 090331e20090218stk 000 0 eng d |
| 035 ## - SYSTEM CONTROL NUMBER | |
| System control number | (Sirsi) u147084 |
| 041 0# - LANGUAGE CODE | |
| Language code of text/sound track or separate title | eng |
| 110 2# - MAIN ENTRY--CORPORATE NAME | |
| Corporate name or jurisdiction name as entry element | Royal Institution of Chartered Surveyors |
| Subordinate unit | Scottish Branch |
| 9 (RLIN) | 830 |
| 245 00 - TITLE STATEMENT | |
| Title | RICS Scotland employment advice |
| Remainder of title | February 2009 |
| Medium | [electronic resource] |
| 260 ## - PUBLICATION, DISTRIBUTION, ETC. | |
| Date of publication, distribution, etc. | 2009 |
| 490 ## - SERIES STATEMENT | |
| Series statement | RICS Scotland Feature |
| Volume/sequential designation | 18 February 2009 |
| 520 ## - SUMMARY, ETC. | |
| Summary, etc. | A guide for RICS Scotland members on issues related to redundancy and services which RICS offers which may be useful to those facing job loss. Gives advice on keeping up to date with industry developments and provides useful contacts. |
| 590 ## - LOCAL NOTE (RLIN) | |
| Local note | KA |
| 651 #4 - SUBJECT ADDED ENTRY--GEOGRAPHIC NAME | |
| Geographic name | Scotland |
| Chronological subdivision | 1999- |
| 690 ## - LOCAL SUBJECT ADDED ENTRY--TOPICAL TERM (OCLC, RLIN) | |
| Topical term or geographic name as entry element | MANAGEMENT-BUSINESS MANAGEMENT |
| 856 40 - ELECTRONIC LOCATION AND ACCESS | |
| Uniform Resource Identifier | <a href="https://www.rics.org/RICSWEB/getpage.aspx?p=H180Sboemkq3BTGqVO6H2A">https://www.rics.org/RICSWEB/getpage.aspx?p=H180Sboemkq3BTGqVO6H2A</a> |
| Public note | View the guidance free of charge (member-only content) at www.rics.org... |
| 942 ## - ADDED ENTRY ELEMENTS (KOHA) | |
| Suppress in OPAC | 0 |
| Withdrawn status | Lost status | Source of classification or shelving scheme | Damaged status | Not for loan | Home library | Current library | Shelving location | Date acquired | Total Checkouts | Full call number | Barcode | Date last seen | Copy number | Price effective from | Koha item type |
|---|---|---|---|---|---|---|---|---|---|---|---|---|---|---|---|
| Dewey Decimal Classification | Virtual | Virtual | Online | 31/03/2009 | ONLINE PUBLICATION | 147084-2001 | 06/08/2019 | 1 | 06/08/2019 | Journal article |